|
|
|
|
| LEADER |
01186nam a2200277 a 4500 |
| 001 |
635785 |
| 008 |
100621r20021994 nju b 001 0 eng d |
| 010 |
|
|
|a \\\93033698
|
| 020 |
|
|
|a 0131615300
|
| 020 |
|
|
|a 8120309448
|
| 040 |
|
|
|a DLC
|c DLC
|d DLC
|d BD-DhAAL
|
| 082 |
0 |
0 |
|a 006.6
|2 20
|
| 100 |
1 |
|
|a Hearn, Donald.
|
| 245 |
1 |
0 |
|a Computer graphics /
|c Donald Hearn, M. Pauline Baker.
|
| 250 |
|
|
|a 2nd ed.
|
| 260 |
|
|
|a Englewood Cliffs, N.J. :
|b Prentice-Hall ;
|a New Delhi :
|b Prentice Hall of India Private Ltd.,
|c c1994 [reprinted 2002].
|
| 300 |
|
|
|a xix, 652 p. :
|b ill. (some col.) ;
|c 27 cm.
|
| 504 |
|
|
|a Includes bibliographical references (p. 626-637) and indexes.
|
| 541 |
1 |
|
|e 00010540
|
| 650 |
|
0 |
|a Computer graphics.
|
| 700 |
1 |
|
|a Baker, M. Pauline.
|
| 852 |
4 |
|
|a Ayesha Abed Library
|j General Shelf
|
| 942 |
0 |
0 |
|0 1
|
| 999 |
|
|
|c 9038
|d 9038
|
| 952 |
|
|
|0 0
|1 0
|2 ddc
|4 0
|6 006_600000000000000_HEA_2002
|7 0
|9 11161
|a BRACUL
|b BRACUL
|c GEN
|d 2010-06-22
|l 6
|m 55
|o 006.6 HEA
|p 3010010540
|r 2023-08-20
|s 2023-06-01
|t 1
|w 2010-06-22
|y BK
|
| 952 |
|
|
|0 0
|1 0
|2 ddc
|4 0
|6 006_600000000000000_HEA_2002
|7 0
|9 13094
|a BRACUL
|b BRACUL
|c GEN
|d 2010-11-06
|l 9
|m 75
|o 006.6 HEA
|p 3010010541
|r 2025-04-30
|s 2025-04-09
|t 2
|w 2010-11-06
|y BK
|